000 00355nam a2200133Ia 4500
005 20260328101519.0
008 260328s9999||||xx |||||||||||||| ||und||
100 _aRosenblatt, Arthur
245 0 _aBuilding Type Basics For Museums /
_cArthur Rosenblatt
260 _bJohn Wiley & Sons
300 _a262 p.
650 _aARQUITECTURA - CULTURA
942 _cBK
999 _c9514
_d9514